00553 2200217 4500001002100000005001700021008004100038035002400079082001000103090002000113100001300133245004500146250001100191260002600202300002400228650003200252850001500284980001500299985000600314999001500320YOGYA-0209000003612720090227025105.0 ind  0010-020900000036127 a690.1 a690.1bJud TlT aJudi Suk aTechniek bangunanbsonder gurucJudi Suk aCet. 1 aSurabayabDianec1957 a50 hlmbilusc21 cm aKonstruksixTeknik bangunan aYOPDYOG(B) a11-01-2006 a1 ab000041790